| 000 | 03651cam a2200361 a 4500 | ||
|---|---|---|---|
| 999 |
_c130403 _d130403 |
||
| 001 | 15966041 | ||
| 003 | ARRUPE | ||
| 005 | 20200312122636.0 | ||
| 008 | 091029s2009 sa b 001 0 eng | ||
| 010 | _a 2009404416 | ||
| 020 | _a9781869141677 (pbk.) | ||
| 020 | _a1869141679 (pbk.) | ||
| 035 | _a(OCoLC)ocn401141564 | ||
| 040 |
_aBTCTA _cBTCTA _dOI@ _dEMU _dGHS _dYDXCP _dDLC |
||
| 042 | _alccopycat | ||
| 043 | _af-sa--- | ||
| 050 | 0 | 0 |
_aBL2470.S6 _bR453 2009 |
| 082 | 0 | 4 |
_a201.70968 _222 |
| 245 | 0 | 0 |
_aReligion and spirituality in South Africa : _bnew perspectives / _cedited by Duncan Brown. |
| 260 |
_aScottsville, South Africa : _bUniversity of KwaZulu-Natal Press, _cc2009. |
||
| 300 |
_ax, 294 p. ; _c22 cm. |
||
| 504 | _aIncludes bibliographical references and index. | ||
| 505 | 0 | 0 |
_gIntroduction: _tReligion, spirituality and the postcolonial: a perspective from the south / _rDuncan Brown -- _tSouth African Constitutional Court's reading of the right to freedom of religion / _rPatrick Lenta -- _tFaith-based organisations, local governance and citizenship in South Africa / _rLaurence Piper -- _tThabo Mbeki's Bible: the role of religion in the South African public realm after liberation / _rGerald West -- _tIslamisation and Muslim institutions/organisations in South Africa / _rSuleman Dangor -- _tModern pagan witch: negotiating a contested religious identity in post-apartheid South Africa / _rDale Wallace -- _tDecline of Islamist discourse and the rise of new spiritualities in South African Islam? / _rTahir Fuzile Sitoto -- _tExorcising the past: voices for the present / _rMichael Green -- _tEastern mosaic: shades of Hindu women in South African media / _rSubeshini Moodley -- _tRemembering the Bushmen: nostalgia and postcolonial spiritualities / _rDennis Walder -- _t'Speaking with our spirits': the representation of religion in Marlene van Niekerk's Agaat / _rCheryl Stobie -- _tBuilding a new society using the building blocks of Ubuntu/Botho/Vhuthu / _rMbulelo Vizikhungo Mzamane -- _tMediation of public and private selves in the performance of sermons and narratives of near-death experiences in the Nazarite Church / _rNkosinathi Sithole -- _gAfterword: _tEmbedded knowledges and the challenges of the postcolonial project / _rAhmed Bawa. |
| 520 | _a"Religion and spirituality are closely woven into the fabric of South African public and private life - though not always seamlessly or in matching thread. This book is concerned with the role of religion and spirituality in individual identity and belief, as well as in the public spheres of governance and policy-making. It brings together significant researchers from various disciplinary perspectives, ranging from law and politics to theology, literature and media studies, with the aim of investigating new critical approaches to religion and spirituality, particularly in the postcolony/South. The authors engage seriously with the challenge of accounting for the range and power of religious and spiritual discourses that run through individual and communal identification. This volume provides stimulation for further thought and work in this crucial area of South African, and postcolonial, study and life"--Cover. | ||
| 650 | 0 |
_aSpirituality _zSouth Africa. _931212 |
|
| 650 | 0 |
_aReligion and sociology _zSouth Africa. _949629 |
|
| 651 | 0 |
_aSouth Africa _xReligion. _925884 |
|
| 700 | 1 |
_aBrown, Duncan, _d1964- _938285 |
|
| 906 |
_a7 _bcbc _ccopycat _d3 _encip _f20 _gy-gencatlg |
||
| 942 |
_2lcc _cMONOGRAPH |
||